000 00216nam a22000857a 4500
008 170620b xxu||||| |||| 00| 0 eng d
100 _93590
_aMoon. V
245 _aDr. Babasaheb Ambedkar
260 _aNew delhi
_bN. B. T
_c2009
999 _c6976
_d6976